000 00837nam a2200229Ii 4500
003 JO-AjNU
008 230605s9999||||xx |||||||||||||| ||und||
017 _a2021/8/4848
020 _a978-9957-94-685-2
040 _aJO-AjNU
_bara
_erda
_cJO-AjNU
041 _aara
050 1 4 _aDS154.52.M8446.M27 2021
100 3 _aالمشاقبة، ثروت سليمان,
_eauthor
_963681
245 0 0 _aفوزي الملقي وحياته ونشاطه السياسي في الأردن 1909-1962
250 _aط1
264 3 1 _aعمان: وزارة الثقافه، 2021
300 _a283ص
_bاصدارات مئوية الدولة الاردنية 2021
336 _atext
_btxt
_2rdacontent
337 _aunmediated
_bn
_2rdamedia
338 _avolume
_bnc
_2rdacarrier
650 4 _aرؤساء الوزرات-تاريخ الأردن
_963682
999 _aA28899
_c32467
_d32467